000 00935cam a22003013a 4500
001 2671
003 PGUSA
005 20140828083020.0
008 010601s2001||||xxu|||||s|||||000 e eng d
040 _aPGUSA
_beng
042 _adc
050 4 _aF1001
050 4 _aPS
050 4 _aSB
100 1 _aWarner, Charles Dudley,
_d1829-1900
245 1 4 _aThe Complete Writings of Charles Dudley Warner — Volume 1
_h[electronic resource] /
_cCharles Dudley Warner
260 _bProject Gutenberg,
_c2001
505 0 _aMy summer in a garden -- Backlog studies -- Baddeck, and That Sort of Thing.
506 _aPublic domain in the USA.
516 _aElectronic text
653 _aGardening
653 _aBaddeck (N.S.) -- Description and travel
653 _aNova Scotia -- Description and travel
653 _aEssays
830 0 _aProject Gutenberg
_v2671
856 4 0 _uhttp://www.gutenberg.org/ebooks/2671
942 _cEB
999 _c232004
_d232004